Predicting meteorological events : mathematical approach
Saved in:
| Other Authors: | |
|---|---|
| Format: | Book |
| Language: | English |
| Published: |
New Delhi :
Narosa Pub.,
2005
|
| Subjects: | |
| Tags: |
Add Tag
No Tags, Be the first to tag this record!
|
MARC
| LEADER | 00000nam a2200000 i 4500 | ||
|---|---|---|---|
| 001 | 1/91378 | ||
| 008 | 080723s2005 eng d | ||
| 020 | |a 81-7319-573-0 | ||
| 035 | |l 10099139 | ||
| 040 | |a GR-MY-UA |b gre |e aacr | ||
| 041 | 0 | |a eng | |
| 082 | 0 | |a 551.634 |2 (22) | |
| 245 | 1 | 0 | |a Predicting meteorological events : |b mathematical approach / |c editor, N.C. Mahanti |
| 260 | |a New Delhi : |b Narosa Pub., |c 2005 | ||
| 300 | |a x, 160 σ.; |b εικ., χάρτες; |c 25 εκ. | ||
| 504 | |a Περιέχει βιβλιογραφικές παραπομπές | ||
| 650 | 0 | 0 | |a Meteorology. |
| 650 | 0 | 0 | |a Numerical weather forecasting. |
| 700 | 1 | |a Mahanti, N. C. |4 edt | |
| 852 | |a INST |b LESVOS |e 20080723 |h 551.634 PRE |p 005100041835 |q 005100041835 |t BK |y 0 | ||
| 901 | |a BIBL1-2008-2 | ||
| 909 | |a Λ |b 151472 | ||
| 922 | |a 1ΕΛΗ |b 200803 |c ΕΠΕΑΕΚ2/ΤΠ |d ΠΑΠΑΣΩΤΗΡΙΟΥ | ||
| 970 | |a ΚΑΡΑ |b ΓΙΑΣΕΜΗ |z 2008/07/23 | ||